00485nam a2200145 i 4500001000400000100003100004245011600035260005300151300003400204505002200238650002200260040000800282041000800290008004100298bgj1 aFERRIS, Helend(1890-1969)10aFavorite poems old and new :bselected for boys and girls /cby Helen Ferris ; illustrated by Leonard Weisgard. aNew York :bDoubleday & Company, Inc.,cc. 1957. aXXX, 598 pp :bill. ;c24 cm. aIncludes indexes. 9aChildren's poetry cBPK0 aeng s uk f |000 0 eng